000
00376nam a2200133Ia 4500
008
100328s9999 xx 000 0 und d
082
_b
48014
100
_a
बेडेकर विश्राम
245
_a
रणांगण
260
_b
देशमुख आणि कंपनी
630
_a
रणांगण
730
_a
रणांगण
942
_c
BOOK
999
_c
535696
_d
535693